Literature by The Simpsons Quiz Stats

 Plays Quiz Updated Jul 11, 2016

Challenge
Share
Tweet
Embed
Score 0/20 Timer 05:00
0 Plays Today
The Simpsons Parody Original Title % Correct
The Devil Wears NadaThe Devil Wears Prada by Lauren Weisberger
97.4%
The Crepes of WrathThe Grapes of Wrath by John Steinbeck
94.8%
A Tale of Two SpringfieldsA Tale of Two Cities by Charles Dickens
91.1%
Much Apu About NothingMuch Ado About Nothing by William Shakespeare
87.5%
The Principal and the PauperThe Prince and the Pauper by Mark Twain
83.2%
A Streetcar Named MargeA Streetcar Named Desire by Tennessee Williams
82.4%
The Call of the SimpsonsThe Call of the Wild by Jack London
76.7%
One Fish, Two Fish, Blowfish, BluefishOne Fish, Two Fish, Red Fish, Blue Fish by Dr. Seuss
76.1%
The Telltale HeadThe Telltale Heart by Edgar Allan Poe
75.3%
The Old Man and the KeyThe Old Man and the Sea by Ernest Hemingway
74.4%
The Simpsons Parody Original Title % Correct
The Joy of SectThe Joy of Sex by Alex Comfort. M.B. Ph. D.
70%
Bart of DarknessHeart of Darkness by Joseph Conrad
68.7%
The Last Temptation of KrustThe Last Temptation of Christ by Nikos Kazantzakis
68.6%
Selma's ChoiceSophie's Choice by William Styron
62.7%
Two Dozen and One GreyhoundsThe Hundred and One Dalmatians (aka The Great Dog Robbery) by Dodie Smith
62.3%
Simpson and DelilahSamson and Delilah
59.4%
Homer at the BatCasey at the Bat by Ernest Thayer
45.5%
Thursdays with AbieTuesdays with Morrie by Mitch Albom
43.1%
The Canine MutinyThe Caine Mutiny by Herman Wouk
30%
When Flanders FailedIn Flanders Fields by Lieutenant Colonel John McCrae
18.8%

You're not logged in!

Compare scores with friends on all Sporcle quizzes.
Join for Free
OR
Log In

You Might Also Like...

Show Comments

Extras

Top Quizzes Today


Score Distribution

Your Account Isn't Verified!

In order to create a playlist on Sporcle, you need to verify the email address you used during registration. Go to your Sporcle Settings to finish the process.

Report this User

Report this user for behavior that violates our Community Guidelines.

Details: